Advanced Methods of Computational Finance

Gespeichert in:
Bibliographische Detailangaben
1. Verfasser: Málek, Jiří
Körperschaft: Vysoká škola ekonomická v Praze. Fakulta financí a účetnictví
Format: Buch
Sprache:Englisch
Veröffentlicht: Prague Oeconomica Publishing House 2017
Ausgabe:1st Edition
Schlagworte:
Tags: Tag hinzufügen
Keine Tags, Fügen Sie das erste Tag hinzu!

MARC

LEADER 00000nam a2200000 4500
001 0258884
005 20220905080201.1
020 |a 978-80-245-2207-4 
041 0 |a eng 
044 |a CZ 
245 1 0 |a Advanced Methods of Computational Finance  |c Jiří Málek et al. ; Reviewers: Jan Kodera, David Martinčík 
250 |a 1st Edition 
264 1 |a Prague  |b Oeconomica Publishing House  |c 2017 
300 |a 239 s. 
610 2 0 |a financie 
610 2 0 |a metódy matematické 
610 2 0 |a metódy matematicko-štatistické 
610 2 0 |a rovnice diferenciálne 
610 2 0 |a metódy simulačné 
610 2 0 |a metóda Monte Carlo 
610 2 0 |a programy počítačové 
610 2 0 |a modely 
610 2 0 |a hodnota podniku 
610 2 0 |a modelovanie ekonometrické 
610 2 0 |a optimalizácia 
100 1 |a Málek, Jiří 
710 2 |a Vysoká škola ekonomická v Praze. Fakulta financí a účetnictví